000 00741nam a2200229 a 4500
001 BRCA_8424
005 20190320210256.0
008 090915s2014----gw-a######---#000-0#spa-#
020 _a9783639557480
041 _aspa
044 _agw
050 4 _aND1432
_b.L878 2014
100 1 _aLuque, Elin
_921106
245 1 0 _aExvotos pictóricos
_bdocumentos visuales para la “otra historia” de México
_cElin Luque.
260 _aSarrebruck, Alemania
_bPublicia
_c2014
300 _a604 p.
_bil., gráficas, mapas
_c22 cm.
500 _aIncluye piezas de la colección Franz Mayer: p. 273
504 _aBibliografía : p. 556-584
650 1 4 _aArte cristiano y simbolismo
_zMéxico
_942
650 1 4 _aExvotos en arte
_93580
942 _2lcc
_cB
999 _c8091
_d8091